| 000 | 00549nam a2200229 a 4500 | ||
|---|---|---|---|
| 001 | nice12345678 | ||
| 003 | IN_TiNIC | ||
| 005 | 20260116011816.0 | ||
| 008 | 050524s1944 luca grp 000 0 urd | ||
| 020 |
_a _c5 |
||
| 082 | 0 | 0 |
_a922.97 _bJOH |
| 100 | _aJoher, Muhammad Ali | ||
| 245 | _aKhatut-E-Mushahira | ||
| 260 |
_aLucknow _bNaseem Book Depo _c1944 |
||
| 300 | _a322p | ||
| 500 | _aincludes index and biblioraphy | ||
| 505 | 2 | _aAppendix | |
| 650 | _aMuhammad, Ali Joher-Letters | ||
| 902 | _bSRS | ||
| 942 | _cBK | ||
| 999 |
_c4128 _d4128 |
||